000 00422nam a2200169Ia 4500
003 LK-CoDNM
008 010623t1923 xxu||||| |||| 00| 1 sin d
040 _aLK-CoDNM
_dLK-CoDNM
_eLK-CoDNM
041 _asin
080 _a104 C 11
245 _aපද්මාවතී කථාව
246 _aPathmavati Kathaawa
260 _bSudarsana
_aColombo
_c1923
300 _b32p, 21 cm
650 _aBiography
942 _cBK
999 _c91801
_d91801